<?xml version="1.0" encoding="UTF-8"?><?xml-stylesheet type="text/xsl" href="static/style.xsl"?><OAI-PMH xmlns="http://www.openarchives.org/OAI/2.0/" xmlns:xsi="http://www.w3.org/2001/XMLSchema-instance" xsi:schemaLocation="http://www.openarchives.org/OAI/2.0/ http://www.openarchives.org/OAI/2.0/OAI-PMH.xsd"><responseDate>2026-04-14T08:29:24Z</responseDate><request verb="GetRecord" identifier="oai:www.recercat.cat:10459.1/469119" metadataPrefix="marc">https://recercat.cat/oai/request</request><GetRecord><record><header><identifier>oai:recercat.cat:10459.1/469119</identifier><datestamp>2025-12-15T19:40:50Z</datestamp><setSpec>com_2072_3622</setSpec><setSpec>col_2072_479130</setSpec></header><metadata><record xmlns="http://www.loc.gov/MARC21/slim" xmlns:dcterms="http://purl.org/dc/terms/" xmlns:xsi="http://www.w3.org/2001/XMLSchema-instance" xmlns:doc="http://www.lyncode.com/xoai" xsi:schemaLocation="http://www.loc.gov/MARC21/slim http://www.loc.gov/standards/marcxml/schema/MARC21slim.xsd">
   <leader>00925njm 22002777a 4500</leader>
   <datafield ind2=" " ind1=" " tag="042">
      <subfield code="a">dc</subfield>
   </datafield>
   <datafield ind2=" " ind1=" " tag="720">
      <subfield code="a">Padilla Varona, Noemí</subfield>
      <subfield code="e">author</subfield>
   </datafield>
   <datafield ind2=" " ind1=" " tag="720">
      <subfield code="a">Martínez-Navarro, Oriol</subfield>
      <subfield code="e">author</subfield>
   </datafield>
   <datafield ind2=" " ind1=" " tag="720">
      <subfield code="a">Masbernat-Almenara, Maria</subfield>
      <subfield code="e">author</subfield>
   </datafield>
   <datafield ind2=" " ind1=" " tag="720">
      <subfield code="a">Verdejo Amengual, Xisco</subfield>
      <subfield code="e">author</subfield>
   </datafield>
   <datafield ind2=" " ind1=" " tag="720">
      <subfield code="a">Lletjà Guijarro, Ariadna</subfield>
      <subfield code="e">author</subfield>
   </datafield>
   <datafield ind2=" " ind1=" " tag="260">
      <subfield code="c">2022</subfield>
   </datafield>
   <datafield ind2=" " ind1=" " tag="520">
      <subfield code="a">Comunicació presentada al II Congrés Internacional de Fisioteràpia, celebrada els dies 27 i 28 de maig de 2022 a Barcelona</subfield>
   </datafield>
   <datafield ind2=" " ind1=" " tag="520">
      <subfield code="a">Diastasis is an undertreated condition affecting women after childbirth. For a long time, it was believed that passive treatments were the only possible option and, in addition, active exercise could be harmful. This research wants to analyze the effectiveness of therapeutic exercise in the treatment of the distance between the rectus abdominis (IRD) in women diagnosed with abdominal diastasis during the postpartum period.</subfield>
   </datafield>
   <datafield ind2=" " ind1=" " tag="520">
      <subfield code="a">La diástasis es una afección poco tratada que afecta a las mujeres después del parto. Durante mucho tiempo se creyó que los tratamientos pasivos eran la única opción posible y, además, el ejercicio activo podía ser perjudicial. Esta investigación quiere analizar la eficacia del ejercicio terapéutico en el tratamiento de la distancia entre los rectos abdominales (IRD) en mujeres diagnosticadas de diástasis abdominal durante el periodo posparto. Materiales y Métodos Selección de ensayos controlados aleatorizados cuyo tratamiento sea un ejercicio terapéutico en TIR en mujeres posparto, publicados en inglés o español. Se realizaron búsquedas electrónicas en las bases de datos PubMed, PEDro, Scopus y OpenGrey en marzo de 2022. Se analizó la calidad metodológica mediante la herramienta GRADE y el riesgo de sesgo mediante la herramienta de la Biblioteca Cochrane.</subfield>
   </datafield>
   <datafield tag="653" ind2=" " ind1=" ">
      <subfield code="a">Postpartum period</subfield>
   </datafield>
   <datafield tag="653" ind2=" " ind1=" ">
      <subfield code="a">Puerperium</subfield>
   </datafield>
   <datafield tag="653" ind2=" " ind1=" ">
      <subfield code="a">Exercise therapy</subfield>
   </datafield>
   <datafield tag="653" ind2=" " ind1=" ">
      <subfield code="a">Diastasis</subfield>
   </datafield>
   <datafield ind2="0" ind1="0" tag="245">
      <subfield code="a">Effectiveness of therapeutic exercise related to abdominal diastasis during postpartum: systematic review and metanalysis</subfield>
   </datafield>
   <datafield ind2="0" ind1="0" tag="245">
      <subfield code="a">Eficacia del ejercicio terapéutico relacionado con la diástasis abdominal durante el posparto: revisión sistemática y metanálisis</subfield>
   </datafield>
</record></metadata></record></GetRecord></OAI-PMH>